000 00445nam a2200181Ia 4500
001 21343
005 20260306172912.0
008 260306t2019||||xx |||||||||||||| ||spa||
041 _aESP
082 _a344.528
_bG45
100 _aGili Pascual, Antoni
_eAUT
245 0 _aDelitos contra la administración de justicia
260 _c2019
300 _a510 páginas :
_c25 cm.
650 _aGEN
654 _aCDE
942 _cLIB
_dJUS
_fJUS
_2ddc
_n
999 _c21343
_d21343